00484nam a2200157Ia 45000010006000000050017000060080041000230410008000640820017000721000036000892450148001252600009002733000028002826500008003106540008003182505820260414151124.0260414t2023||||xx |||||||||||||| ||spa|| aESP a346.13bG67A aGonzales Loli, Jorge Luis,eAUT 0aEl saneamiento notarial y registral de área, linderos y medidas perimétricas de predios urbanos :bn enfoque desde la seguridad jurídica c2023 a414 páginas :c25 cm. aDER aCDE